Holiday Quiz

Random Holiday or Blitz Quiz
Score 0/50 Timer 02:00
5 Plays Today
% Correct
O Come All Ye Faithful
91.1%
O Holy Night
87.2%
Dasher
84%
Vixen
83.5%
Blitzen
83.4%
Donner
83.2%
Comet
81.9%
Jingle Bells
81.9%
Independence Day
80.5%
Carol of the Bells
79%
Thanksgiving
77.8%
Veterans Day
76.8%
Columbus Day
76.3%
Labor Day
73%
Witch
72.6%
Zombie
72.4%
Saint Nicholas
71.7%
Spring Bank Holiday
70.8%
Father Christmas
70.5%
Kris Kringle
69.6%
Boxing Day
69.4%
Easter Monday
69.4%
Silver Bells
68.9%
Père Noël
66.4%
Princess
65.6%
% Correct
Good Friday
63.8%
Turtle Doves
61.4%
Minion
60.7%
Golden Rings
60.3%
French Hens
60.2%
Calling Birds
59.3%
Drummers Drumming
57.5%
May Day
56.7%
Pumpkin
55.2%
How the Grinch Stole Christmas
53.5%
It's a Wonderful Life
52.4%
The Polar Express
52.1%
Home Alone
49.1%
Kerstman
45.8%
Elf
37.1%
Unity
35.2%
Faith
34.8%
Purpose
33.6%
Creativity
33.4%
Mary
32.8%
Jesus
32.8%
Joseph
32.6%
Shepherd
29.6%
Self-Determination
29.1%
Magi
28.7%
Remove Ads.
Support Sporcle.
Get the best of Sporcle when you Go Orange. This ad-free experience offers more features, more stats, and more fun while also helping to support Sporcle. Thank you for becoming a member.

You're not logged in!

Compare scores with friends on all Sporcle quizzes.
OR
Log In

Show Comments

Extras

Top Quizzes Today

Top Quizzes Today in Holiday

Top Quizzes with Similar Tags

  1. 4-to-1 Blitz: Holiday3

Score Distribution

Your Account Isn't Verified!

In order to create a playlist on Sporcle, you need to verify the email address you used during registration. Go to your Sporcle Settings to finish the process.

Report this User

Report this user for behavior that violates our Community Guidelines.

Details: